<?xml version="1.0" encoding="UTF-8"?>
<record
    xmlns:xsi="http://www.w3.org/2001/XMLSchema-instance"
    xsi:schemaLocation="http://www.loc.gov/MARC21/slim http://www.loc.gov/standards/marcxml/schema/MARC21slim.xsd"
    xmlns="http://www.loc.gov/MARC21/slim">

  <leader>01831cam a2200325 i 4500</leader>
  <controlfield tag="003">SA-RiAUC</controlfield>
  <controlfield tag="005">20250915114701.0</controlfield>
  <controlfield tag="008">250910s1981    ti     g bc   00010 ara c</controlfield>
  <datafield tag="040" ind1=" " ind2=" ">
    <subfield code="a">SA-JeALM</subfield>
    <subfield code="b">ara</subfield>
    <subfield code="c">SA-RiAUC</subfield>
    <subfield code="e">rda</subfield>
  </datafield>
  <datafield tag="043" ind1=" " ind2=" ">
    <subfield code="a">a-su---</subfield>
    <subfield code="a">f-ua---</subfield>
  </datafield>
  <datafield tag="082" ind1="0" ind2="4">
    <subfield code="a">915.31</subfield>
  </datafield>
  <datafield tag="090" ind1=" " ind2=" ">
    <subfield code="a">915.31  </subfield>
    <subfield code="b">&#x627; &#x628; &#x646; &#x631;</subfield>
  </datafield>
  <datafield tag="100" ind1="1" ind2=" ">
    <subfield code="a">&#x627;&#x628;&#x646; &#x631;&#x634;&#x64A;&#x62F;&#x60C; &#x645;&#x62D;&#x645;&#x62F; &#x628;&#x646; &#x639;&#x645;&#x631; &#x628;&#x646; &#x645;&#x62D;&#x645;&#x62F;&#x60C;</subfield>
    <subfield code="d">657-721 &#x647;&#x62C;&#x631;&#x64A;</subfield>
    <subfield code="e">&#x645;&#x624;&#x644;&#x641;.</subfield>
  </datafield>
  <datafield tag="245" ind1="1" ind2="0">
    <subfield code="a">&#x645;&#x644;&#x621; &#x627;&#x644;&#x639;&#x64A;&#x628;&#x629; &#x628;&#x645;&#x627; &#x62C;&#x645;&#x639; &#x628;&#x637;&#x648;&#x644; &#x627;&#x644;&#x63A;&#x64A;&#x628;&#x629; &#x641;&#x64A; &#x627;&#x644;&#x648;&#x62C;&#x647;&#x629;  &#x627;&#x644;&#x648;&#x62C;&#x64A;&#x647;&#x629; &#x625;&#x644;&#x649; &#x627;&#x644;&#x62D;&#x631;&#x645;&#x64A;&#x646; &#x645;&#x643;&#x629; &#x648;&#x637;&#x64A;&#x628;&#x629; /</subfield>
    <subfield code="c">&#x62A;&#x623;&#x644;&#x64A;&#x641; &#x623;&#x628;&#x64A; &#x639;&#x628;&#x62F; &#x627;&#x644;&#x644;&#x647; &#x645;&#x62D;&#x645;&#x62F; &#x628;&#x646; &#x639;&#x645;&#x631; &#x628;&#x646; &#x631;&#x634;&#x64A;&#x62F; &#x627;&#x644;&#x641;&#x647;&#x631;&#x64A; &#x627;&#x644;&#x633;&#x628;&#x64A;&#x62A;&#x64A; &#x61B; &#x62A;&#x642;&#x62F;&#x64A;&#x645; &#x648;&#x62A;&#x62D;&#x642;&#x64A;&#x642; &#x645;&#x62D;&#x645;&#x62F; &#x627;&#x644;&#x62D;&#x628;&#x64A;&#x628; &#x628;&#x646; &#x627;&#x644;&#x62E;&#x648;&#x62C;&#x629;.</subfield>
  </datafield>
  <datafield tag="264" ind1=" " ind2="1">
    <subfield code="a">&#x62A;&#x648;&#x646;&#x633; :</subfield>
    <subfield code="b">&#x627;&#x644;&#x634;&#x631;&#x643;&#x629; &#x627;&#x644;&#x62A;&#x648;&#x646;&#x633;&#x64A;&#x629; &#x644;&#x644;&#x62A;&#x648;&#x632;&#x64A;&#x639;&#x60C;</subfield>
    <subfield code="c">1981</subfield>
  </datafield>
  <datafield tag="300" ind1=" " ind2=" ">
    <subfield code="a">5 &#x645;&#x62C;&#x644;&#x62F; &#x61B;</subfield>
    <subfield code="c">24 &#x633;&#x645;</subfield>
  </datafield>
  <datafield tag="336" ind1=" " ind2=" ">
    <subfield code="a">&#x646;&#x635;</subfield>
    <subfield code="b">txt</subfield>
    <subfield code="2">rdacontent</subfield>
    <subfield code="3">&#x643;&#x62A;&#x627;&#x628;</subfield>
  </datafield>
  <datafield tag="337" ind1=" " ind2=" ">
    <subfield code="a">&#x628;&#x62F;&#x648;&#x646; &#x648;&#x633;&#x64A;&#x637;</subfield>
    <subfield code="b">n</subfield>
    <subfield code="2">rdamedia</subfield>
  </datafield>
  <datafield tag="338" ind1=" " ind2=" ">
    <subfield code="a">&#x645;&#x62C;&#x644;&#x62F;</subfield>
    <subfield code="b">nc</subfield>
    <subfield code="2">rdacarrier</subfield>
  </datafield>
  <datafield tag="500" ind1=" " ind2=" ">
    <subfield code="a">&#x627;&#x647;&#x62F;&#x627;&#x621; &#x645;&#x646; &#x627;&#x644;&#x645;&#x62D;&#x642;&#x642; &#x645;&#x62D;&#x645;&#x62F; &#x627;&#x644;&#x62D;&#x628;&#x64A;&#x628; &#x627;&#x628;&#x646; &#x627;&#x644;&#x62E;&#x648;&#x62C;&#x647; &#x627;&#x644;&#x649; &#x627;&#x644;&#x634;&#x64A;&#x62E; &#x631;&#x62D;&#x645;&#x647; &#x627;&#x644;&#x644;&#x647;.</subfield>
  </datafield>
  <datafield tag="504" ind1=" " ind2=" ">
    <subfield code="a">&#x64A;&#x634;&#x62A;&#x645;&#x644; &#x639;&#x644;&#x649; &#x625;&#x631;&#x62C;&#x627;&#x639;&#x627;&#x62A; &#x628;&#x628;&#x644;&#x64A;&#x648;&#x62C;&#x631;&#x627;&#x641;&#x64A;&#x629;.</subfield>
  </datafield>
  <datafield tag="505" ind1="2" ind2=" ">
    <subfield code="a">&#x627;&#x644;&#x645;&#x62D;&#x62A;&#x648;&#x64A;&#x627;&#x62A; : &#x645;&#x62C;&#x644;&#x62F; 3. &#x627;&#x644;&#x625;&#x633;&#x643;&#x646;&#x62F;&#x631;&#x64A;&#x629; &#x648;&#x645;&#x635;&#x631; &#x639;&#x646;&#x62F; &#x627;&#x644;&#x648;&#x631;&#x648;&#x62F;- &#x645;&#x62C;&#x644;&#x62F; 5. &#x627;&#x644;&#x62D;&#x631;&#x645;&#x627;&#x646; &#x627;&#x644;&#x634;&#x631;&#x64A;&#x641;&#x627;&#x646; &#x648;&#x645;&#x635;&#x631; &#x648;&#x627;&#x644;&#x625;&#x633;&#x643;&#x646;&#x62F;&#x631;&#x64A;&#x629; &#x639;&#x646;&#x62F; &#x627;&#x644;&#x635;&#x62F;&#x648;&#x631;.</subfield>
  </datafield>
  <datafield tag="600" ind1="1" ind2="7">
    <subfield code="a">&#x628;&#x646; &#x631;&#x634;&#x64A;&#x62F;&#x60C; &#x645;&#x62D;&#x645;&#x62F; &#x628;&#x646; &#x639;&#x645;&#x631; &#x628;&#x646; &#x645;&#x62D;&#x645;&#x62F;&#x60C;</subfield>
    <subfield code="d">657-721 &#x647;&#x62C;&#x631;&#x64A;</subfield>
    <subfield code="x">&#x631;&#x62D;&#x644;&#x627;&#x62A;</subfield>
    <subfield code="2">aucnm</subfield>
  </datafield>
  <datafield tag="651" ind1=" " ind2="7">
    <subfield code="a">&#x645;&#x643;&#x629; &#x627;&#x644;&#x645;&#x643;&#x631;&#x645;&#x629;</subfield>
    <subfield code="x">&#x648;&#x635;&#x641; &#x648;&#x631;&#x62D;&#x644;&#x627;&#x62A;</subfield>
    <subfield code="2">aucsh</subfield>
  </datafield>
  <datafield tag="651" ind1=" " ind2="7">
    <subfield code="a">&#x627;&#x644;&#x633;&#x639;&#x648;&#x62F;&#x64A;&#x629;</subfield>
    <subfield code="x">&#x648;&#x635;&#x641; &#x648;&#x631;&#x62D;&#x644;&#x627;&#x62A;</subfield>
    <subfield code="2">aucsh</subfield>
  </datafield>
  <datafield tag="651" ind1=" " ind2="7">
    <subfield code="a">&#x627;&#x644;&#x628;&#x644;&#x627;&#x62F; &#x627;&#x644;&#x625;&#x633;&#x644;&#x627;&#x645;&#x64A;&#x629;</subfield>
    <subfield code="x">&#x648;&#x635;&#x641; &#x648;&#x631;&#x62D;&#x644;&#x627;&#x62A;</subfield>
    <subfield code="2">aucsh</subfield>
  </datafield>
  <datafield tag="700" ind1="1" ind2=" ">
    <subfield code="a">&#x628;&#x646; &#x627;&#x644;&#x62E;&#x648;&#x62C;&#x629;&#x60C; &#x645;&#x62D;&#x645;&#x62F; &#x627;&#x644;&#x62D;&#x628;&#x64A;&#x628;&#x60C;</subfield>
    <subfield code="d">1922-2012</subfield>
    <subfield code="e">&#x645;&#x62D;&#x642;&#x642;.</subfield>
  </datafield>
  <datafield tag="942" ind1=" " ind2=" ">
    <subfield code="2">ddc</subfield>
    <subfield code="c">BOOK</subfield>
    <subfield code="n">0</subfield>
  </datafield>
  <datafield tag="949" ind1=" " ind2=" ">
    <subfield code="a">SA-JeALM</subfield>
    <subfield code="d">250910</subfield>
    <subfield code="u">osman123</subfield>
    <subfield code="n">1</subfield>
  </datafield>
  <datafield tag="952" ind1=" " ind2=" ">
    <subfield code="0">0</subfield>
    <subfield code="1">0</subfield>
    <subfield code="2">ddc</subfield>
    <subfield code="3">&#x627;&#x644;&#x62C;&#x632;&#x621; &#x627;&#x644;&#x62B;&#x627;&#x644;&#x62B; </subfield>
    <subfield code="4">0</subfield>
    <subfield code="7">0</subfield>
    <subfield code="8">gift</subfield>
    <subfield code="a">WAHAB</subfield>
    <subfield code="b">WAHAB</subfield>
    <subfield code="d">2025-09-11</subfield>
    <subfield code="l">0</subfield>
    <subfield code="o">915.31  &#x627; &#x628; &#x646; &#x631;</subfield>
    <subfield code="p">000018784</subfield>
    <subfield code="r">2025-09-11 12:46:32</subfield>
    <subfield code="w">2025-09-11</subfield>
    <subfield code="y">BOOK</subfield>
  </datafield>
  <datafield tag="952" ind1=" " ind2=" ">
    <subfield code="0">0</subfield>
    <subfield code="1">0</subfield>
    <subfield code="2">ddc</subfield>
    <subfield code="3">&#x627;&#x644;&#x62C;&#x632;&#x621; &#x627;&#x644;&#x62B;&#x627;&#x646;&#x64A; </subfield>
    <subfield code="4">0</subfield>
    <subfield code="7">0</subfield>
    <subfield code="8">gift</subfield>
    <subfield code="a">WAHAB</subfield>
    <subfield code="b">WAHAB</subfield>
    <subfield code="d">2025-09-15</subfield>
    <subfield code="l">0</subfield>
    <subfield code="o">915.31 &#x627; &#x628; &#x646; &#x631;</subfield>
    <subfield code="p">000018963</subfield>
    <subfield code="r">2025-09-15 11:47:43</subfield>
    <subfield code="w">2025-09-15</subfield>
    <subfield code="y">BOOK</subfield>
  </datafield>
  <datafield tag="952" ind1=" " ind2=" ">
    <subfield code="0">0</subfield>
    <subfield code="1">0</subfield>
    <subfield code="2">ddc</subfield>
    <subfield code="3">&#x627;&#x644;&#x62C;&#x632;&#x621; &#x627;&#x644;&#x62E;&#x627;&#x645;&#x633;</subfield>
    <subfield code="4">0</subfield>
    <subfield code="7">0</subfield>
    <subfield code="8">gift&amp;Note</subfield>
    <subfield code="a">WAHAB</subfield>
    <subfield code="b">WAHAB</subfield>
    <subfield code="d">2026-04-13</subfield>
    <subfield code="l">0</subfield>
    <subfield code="o">915.31 &#x627; &#x628; &#x646; &#x631;</subfield>
    <subfield code="p">000023315</subfield>
    <subfield code="r">2026-04-13 12:39:43</subfield>
    <subfield code="w">2026-04-13</subfield>
    <subfield code="y">BOOK</subfield>
  </datafield>
  <datafield tag="999" ind1=" " ind2=" ">
    <subfield code="c">11632</subfield>
    <subfield code="d">11632</subfield>
  </datafield>
</record>
